Existe el dueto musical español? - Estadísticas

Estadísticas generales
  • Esta prueba ha sido intentada 71 veces
    41 desde el último reinicio
  • La puntuación promedio es 7 de 10
Estadísticas de respuestas
Pregunta Respuesta % Correcto
Shakira y Alejandro Sanz Existe
84%
Myke Towers y Quevedo Existe
82%
Bad Gyal y Metrika No Existe
82%
Bad Bunny y Rosalía Existe
79%
Amaral y La Oreja de Van Gogh No Existe
79%
Estopa y Rozalén Existe
63%
Mago de Öz y Extremoduro No Existe
63%
Miguel Bosé y Ana Torroja Existe
50%
Aitana y Alaska Existe
45%
Camilo Sesto y Nino Bravo No Existe
45%
No se encontraron pruebas coincidentes
Distribución de puntuación
Porcentaje de gente con cada puntuación
Porcentaje por número respondido
Historial de tus puntuaciones
No has intentado esta prueba desde el último reinicio